Биофизика. Т. 2: Биофизика клеточных процессов | Биофизика мембранных процессов (Запись № 10212001)

Подробности
000 -МАРКЕР
контрольное поле 01953nam2a2200289 4500
001 - ИДЕНТИФИКАТОР ЗАПИСИ
контрольное поле RU\NLR\BIBL_A\010193964
005 - ИДЕНТИФИКАТОР ВЕРСИИ
контрольное поле 20260408164759.0
010 ## - МЕЖДУНАРОДНЫЙ СТАНДАРТНЫЙ НОМЕР КНИГИ (ISBN)
Номер (ISBN) 978-5-4344-0102-9
021 ## - НОМЕР ГОСУДАРСТВЕННОЙ РЕГИСТРАЦИИ
Код страны Российская Федерация
Номер 2013-104134
Номер Листа государственной регистраци 7235
035 ## - ДРУГИЕ СИСТЕМНЫЕ НОМЕРА
Идентификатор записи (NLR Aleph) 010193964
100 ## - ДАННЫЕ ОБЩЕЙ ОБРАБОТКИ
Данные общей обработки 20140221d2013 u y0rusy50 ca
101 0# - ЯЗЫК РЕСУРСА
Язык текста, звукозаписи и т.д. русский
102 ## - СТРАНА ПУБЛИКАЦИИ ИЛИ ПРОИЗВОДСТВА
Страна публикации Российская Федерация
105 ## - ПОЛЕ КОДИРОВАННЫХ ДАННЫХ: ТЕКСТОВЫЕ МАТЕРИАЛЫ, МОНОГРАФИЧЕСКИЕ
Кодированные данные о монографическом текстовом документе a ||j||||01yy
200 1# - ЗАГЛАВИЕ И СВЕДЕНИЯ ОБ ОТВЕТСТВЕННОСТИ
Основное заглавие Биофизика клеточных процессов
-- Биофизика мембранных процессов
215 ## - ФИЗИЧЕСКАЯ ХАРАКТЕРИСТИКА
Специфическое обозначение материала и объем 381 с.
Другие сведения о физической характеристике ил., цв. ил.
320 ## - ПРИМЕЧАНИЯ О НАЛИЧИИ В ДОКУМЕНТЕ БИБЛИОГРАФИИ / УКАЗАТЕЛЯ
Текст примечания Библиогр.: с. 375-376
320 ## - ПРИМЕЧАНИЯ О НАЛИЧИИ В ДОКУМЕНТЕ БИБЛИОГРАФИИ / УКАЗАТЕЛЯ
Текст примечания Предм. указ.: с. 377-381
461 #0 - УРОВЕНЬ НАБОРА
Встроенное поле 001RU\NLR\BIBL_A\010218265
-- 2000#$aБиофизика$eучебник для студентов высших учебных заведений, обучающихся по направлению 020400 (020200) "Биология" и специальности 020207 "Биофизика"$e[в 3 т.]$vТ. 2
-- 700#1$aРубин$bА. Б.$f1937-$gАндрей Борисович$3RU\NLR\AUTH\770251333$4070
Системный номер (АБИС) связанной записи 10309639
Автор Рубин, А. Б. (1937-)
Место публикации Москва
Дата публикации 2013
Имя издателя, распространителя и т.д. Институт компьютерных исследований
Сведения, относящиеся к заглавию учебник для студентов высших учебных заведений, обучающихся по направлению 020400 (020200) "Биология" и специальности 020207 "Биофизика" : [в 3 т.]
Заглавие Биофизика
Номер тома Т. 2
606 1# - НАИМЕНОВАНИЕ ТЕМЫ КАК ПРЕДМЕТ
Наименование темы Биологические мембраны
Формальный подзаголовок Учебники для высших учебных заведений
Тематический подзаголовок Биофизика
Системный номер авторитетной/нормативной записи 1150048
Идентификатор авторитетной/нормативной записи RU\NLR\AUTH\66140668
606 ## - НАИМЕНОВАНИЕ ТЕМЫ КАК ПРЕДМЕТ
Наименование темы Клетки (биол.)
Тематический подзаголовок Биофизика
Формальный подзаголовок Учебники для высших учебных заведений
Идентификатор авторитетной/нормативной записи RU\NLR\AUTH\66474246
Системный номер авторитетной/нормативной записи 1179166
686 1# - ИНДЕКСЫ ДРУГИХ КЛАССИФИКАЦИЙ
Индекс Е057.1я73-1
942 ## - ДОПОЛНИТЕЛЬНЫЕ ЭЛЕМЕНТЫ ЗАПИСИ (АБИС)
Тип экземпляра АБИС Книга
980 ## - КОЛЛЕКЦИЯ
Название коллекции Национальная библиография
Экземпляры
Тип экземпляра Дата поступления Библиотека постоянного хранения Библиотека текущего хранения Место хранения Шифр хранения Штрих-код Статус экземпляра Источник поступления Стоимость
Книга 21.02.2014 РНБ (Московский) РНБ (Московский) Русский книжный фонд: издания с 1957 года 2014-7/967 1-276411      
Книга 13.03.2014 РНБ (Садовая) РНБ (Садовая) Универсальный читальный зал У Е071/Р-823 1-915321   Покупка 1129.95